Odd One Out: The Office Quiz Stats

 Plays Quiz Updated Jun 10, 2017

Support Sporcle.
Go Orange.
Score 0/9 Timer 04:00
10 Plays Today
Hint Answer % Correct
*Dunder Mifflin Branches???
91.3%
Members of the Finer Things Club???
84.2%
Dated Michael???
83%
First Appearance in Season 1???
81.5%
From Sabre???
77.6%
Scranton Branch Regional Managers???
71%
Warehouse Workers???
64.6%
Dundies Award Categories???
60.8%
Episode Titles???
44%

You're not logged in!

Compare scores with friends on all Sporcle quizzes.
OR
Log In
Forgot?

From the Vault

Batman: The Animated Series Characters

by druhutch

Never underestimate a man in a cape.
Remove Ads.
Support Sporcle.
Get the best of Sporcle when you Go Orange. This ad-free experience offers more features, more stats, and more fun while also helping to support Sporcle. Thank you for becoming a member.

Show Comments

Extras

Top Quizzes Today


Score Distribution

Your Account Isn't Verified!

In order to create a playlist on Sporcle, you need to verify the email address you used during registration. Go to your Sporcle Settings to finish the process.

Report this User

Report this user for behavior that violates our Community Guidelines.

Details: